000 00651nam a22002417a 4500
003 UA-OsUOA
001 23978
007 ta
008 20040203b un ||||| |||| 00| 0 ukr d
090 _a321.7
_bЧ43
942 _cBK
040 _aUA-OsUOA
_brus
_cUA-OsUOA
_dUA-OsUOA
245 _aПерестройка: гласность, демократизм, социализм через тернии
_cСост. А.А.Протащик
300 _a792 с.
955 _a0
041 _arus
080 _a321.7
020 _a5-01-003301-1
260 _aМосква
_bПрогресс
_c1990
044 _aRU
650 7 _2UDC
999 _c310241
_d310241